Normal view
MARC view
Entry Topical Term
001 - CONTROL NUMBER
- control field: 6543
003 - CONTROL NUMBER IDENTIFIER
- control field: ARRUPE
005 - DATE AND TIME OF LATEST TRANSACTION
- control field: 20140113115910.0
008 - FIXED-LENGTH DATA ELEMENTS
- fixed length control field: 140113|| aca||aabn | a|a d
040 ## - CATALOGING SOURCE
- Original cataloging agency: ARRUPE
- Transcribing agency: ARRUPE
150 ## - HEADING--TOPICAL TERM
- Topical term or geographic name as entry element: Great Britain. Royal Air Force - Aerial operations
670 ## - SOURCE DATA FOUND
- Source citation: Work cat.: (ARRUPE): Great Britain. War Office 6542, Coast command, 1943